|
|
|
|
| LEADER |
01341aam a2200349 a 4500 |
| 001 |
000922733 |
| 003 |
AR-BeUNQ |
| 005 |
20260212143930.0 |
| 007 |
ta |
| 008 |
260212s1972 ag ao gr 001 0 spa d |
| 999 |
|
|
|c 40106
|d 123906
|
| 015 |
|
|
|a AR-1972
|
| 040 |
|
|
|a AR-BaBN
|b spa
|c AR-BaBN
|e aacr
|d AR-BeUNQ
|
| 043 |
|
|
|a s-ag---
|
| 044 |
|
|
|a ag
|c ar-c
|
| 080 |
0 |
|
|a 615.89(82)
|2 2000
|
| 082 |
|
|
|a 615.856
|2 21
|
| 100 |
1 |
|
|a Ratier, Hugo E.
|
| 245 |
1 |
3 |
|a La medicina popular /
|c Hugo E. Ratier.
|
| 260 |
|
|
|a Buenos Aires :
|b Centro Editor de América Latina,
|c ©1972.
|
| 300 |
|
|
|a 109 p. :
|b il., fot. byn ;
|c 18 cm.
|
| 490 |
1 |
|
|a La Historia Popular. Vida y Milagros de Nuestro Pueblo ;
|v 87
|
| 504 |
|
|
|a Bibliografía: p. 109.
|
| 505 |
2 |
|
|a Sentirse enfermo -- Llamamiento o iniciación -- Medicina folk -- Candelario, puerta de Huichairas -- Don Edmundo, curandero Taragüi -- Las "madamas" -- Medicina rural en Buenos Aires -- Pancho Sierra y la Madre María -- El hermano Tibor -- ¿Y por casa?
|
| 592 |
|
|
|a Ordenado por número de la colección.
|
| 650 |
|
7 |
|a Medicina
|2 spines
|
| 650 |
|
7 |
|a Terapéutica
|2 spines
|
| 651 |
|
|
|a Argentina
|2 spines
|
| 653 |
|
|
|a Curanderismo
|
| 830 |
|
0 |
|a Historia Popular. Vida y milagros de nuestro pueblo
|v 87
|
| 929 |
|
|
|a DONACION
|b Marina Penhos
|d 0,00
|e 20251127
|g 3829
|h 1
|j 63845
|
| 942 |
|
|
|c LIB
|n 0
|